| 000 | 00689 a2200181 4500 | ||
|---|---|---|---|
| 999 |
_c7796 _d7796 |
||
| 020 | _a0797410864 | ||
| 050 | 0 | 0 | _aJQ1875.MOY 1992 |
| 100 | 1 | _aMoyo, Janathan N. | |
| 245 | 1 | 4 |
_aThe politics of administration : _bunderstanding bureaucracy in Africa / _cJonathan N. Moyo. |
| 264 |
_aHarare: _bSAPES BOOKS., _c1992 |
||
| 300 | _axxiii, 151 p. ; | ||
| 500 | _aIncludes bibliographical references (p. [120]-140) and index. | ||
| 504 | _aIncludes bibliographical references (p. [120]-140) and index. | ||
| 650 | 0 | _aPublic administration | |
| 650 | 0 | _aBureaucracy | |
| 942 |
_2lcc _cBK _h1875 _iMOY _kJQ |
||